Gli astucci porta-amuleti punici /

محفوظ في:

المؤلف الرئيسي: Martínez, Manuel (مؤلف)

التنسيق: كتاب

اللغة: Italian

منشور في: Lugano (CH) : Lumières internationales, c2009 (2010 printing).

سلاسل: Biblioteca di Byrsa ; 6.

الموضوعات:

الوسوم: إضافة وسم

لا توجد وسوم, كن أول من يضع وسما على هذه التسجيلة!

رقم الطلب: DT269 .C33 M37 2009

LEADER 00819nam a22002657a 4500
003 OSt
005 20260420170241.0
008 260420t2009 ch a b 000 0 ita d
020 |a 8860670721 
020 |a 9788860670724 
040 |c ARCE Library 
050 1 4 |a DT269 .C33  |b M37 2009 
100 1 |a Martínez, Manuel,   |e author 
245 1 4 |a Gli astucci porta-amuleti punici /   |c Manuel Martinez. 
264 1 |a Lugano (CH) :   |b Lumières internationales,   |c c2009 (2010 printing). 
300 |a 99 pages :   |b illustrations ;   |c 24 cm. 
490 1 |a Biblioteca di Byrsa ;   |v 6. 
504 |a Includes bibliographical references. 
650 0 |a Amulets, Punic. 
650 0 |a Punic antiquities. 
650 0 |a Religious articles. 
830 0 |a Biblioteca di Byrsa ;   |v 6. 
901 |a reviewed 
942 |c BK  |2 lcc 
999 |c 23114  |d 23114